<?xml version="1.0" encoding="UTF-8"?>
<record
    xmlns:xsi="http://www.w3.org/2001/XMLSchema-instance"
    xsi:schemaLocation="http://www.loc.gov/MARC21/slim http://www.loc.gov/standards/marcxml/schema/MARC21slim.xsd"
    xmlns="http://www.loc.gov/MARC21/slim">

  <leader>00600nam a22001337a 4500</leader>
  <datafield tag="040" ind1=" " ind2=" ">
    <subfield code="c">RUA</subfield>
  </datafield>
  <datafield tag="082" ind1=" " ind2=" ">
    <subfield code="a">VEM CHH 2015 B525 Or.1</subfield>
  </datafield>
  <datafield tag="100" ind1=" " ind2=" ">
    <subfield code="a">CHHUON RATANA; &#x1788;&#x17BD;&#x1793; &#x179A;&#x178F;&#x1793;&#x17B6;</subfield>
  </datafield>
  <datafield tag="245" ind1=" " ind2=" ">
    <subfield code="a">Survey on village animal health worker in chhloung district, kratie provinc; &#x1780;&#x17B6;&#x179A;&#x17A2;&#x1784;&#x17D2;&#x1780;&#x17C1;&#x178F;&#x1791;&#x17C5;&#x179B;&#x17BE;&#x179F;&#x17C1;&#x179C;&#x17B6;&#x1780;&#x1798;&#x17D2;&#x1798;&#x1797;&#x17D2;&#x1793;&#x17B6;&#x1780;&#x17CB;&#x1784;&#x17B6;&#x179A;&#x179F;&#x17BB;&#x1781;&#x1797;&#x17B6;&#x1796;&#x179F;&#x178F;&#x17D2;&#x179C;&#x1797;&#x17BC;&#x1798;&#x17B7;&#x1780;&#x17D2;&#x1793;&#x17BB;&#x1784;&#x179F;&#x17D2;&#x179A;&#x17BB;&#x1780;&#x1786;&#x17D2;&#x179B;&#x17BC;&#x1784; &#x1781;&#x17C1;&#x178F;&#x17D2;&#x178F;&#x1780;&#x17D2;&#x179A;&#x1785;&#x17C1;&#x17C7;</subfield>
  </datafield>
  <datafield tag="260" ind1=" " ind2=" ">
    <subfield code="a">Phnom Penh</subfield>
    <subfield code="b">RUA</subfield>
    <subfield code="c">2015</subfield>
  </datafield>
  <datafield tag="300" ind1=" " ind2=" ">
    <subfield code="a">ix, 35p;</subfield>
    <subfield code="b">ill;</subfield>
    <subfield code="c">29cm;</subfield>
  </datafield>
  <datafield tag="856" ind1=" " ind2=" ">
    <subfield code="u"> CHHUON RATANA</subfield>
  </datafield>
  <datafield tag="942" ind1=" " ind2=" ">
    <subfield code="c">VEM</subfield>
  </datafield>
  <datafield tag="999" ind1=" " ind2=" ">
    <subfield code="c">10605</subfield>
    <subfield code="d">10605</subfield>
  </datafield>
  <datafield tag="952" ind1=" " ind2=" ">
    <subfield code="0">0</subfield>
    <subfield code="1">0</subfield>
    <subfield code="2">ddc</subfield>
    <subfield code="4">0</subfield>
    <subfield code="6">VEM_CHH_2015_000000000000000_B525_OR_1</subfield>
    <subfield code="7">0</subfield>
    <subfield code="9">54928</subfield>
    <subfield code="a">LBB</subfield>
    <subfield code="b">LBB</subfield>
    <subfield code="c">B525</subfield>
    <subfield code="d">2016-10-31</subfield>
    <subfield code="o">VEM CHH 2015 B525 Or.1</subfield>
    <subfield code="p">A02887</subfield>
    <subfield code="r">2016-10-31</subfield>
    <subfield code="w">2016-10-31</subfield>
    <subfield code="y">VEM</subfield>
  </datafield>
  <datafield tag="952" ind1=" " ind2=" ">
    <subfield code="0">0</subfield>
    <subfield code="1">0</subfield>
    <subfield code="2">ddc</subfield>
    <subfield code="4">0</subfield>
    <subfield code="6">VEM_CHH_2015_000000000000000_B525_OR_2</subfield>
    <subfield code="7">0</subfield>
    <subfield code="9">54929</subfield>
    <subfield code="a">LBB</subfield>
    <subfield code="b">LBB</subfield>
    <subfield code="c">B525</subfield>
    <subfield code="d">2016-10-31</subfield>
    <subfield code="o">VEM CHH 2015 B525 Or.2</subfield>
    <subfield code="p">A01566</subfield>
    <subfield code="r">2016-10-31</subfield>
    <subfield code="w">2016-10-31</subfield>
    <subfield code="y">VEM</subfield>
  </datafield>
  <datafield tag="952" ind1=" " ind2=" ">
    <subfield code="0">0</subfield>
    <subfield code="1">0</subfield>
    <subfield code="2">ddc</subfield>
    <subfield code="4">0</subfield>
    <subfield code="6">VEM_CHH_2015_000000000000000_B525_OR_3</subfield>
    <subfield code="7">0</subfield>
    <subfield code="9">54930</subfield>
    <subfield code="a">LBB</subfield>
    <subfield code="b">LBB</subfield>
    <subfield code="c">B525</subfield>
    <subfield code="d">2016-10-31</subfield>
    <subfield code="o">VEM CHH 2015 B525 Or.3</subfield>
    <subfield code="p">A02375</subfield>
    <subfield code="r">2016-10-31</subfield>
    <subfield code="w">2016-10-31</subfield>
    <subfield code="y">VEM</subfield>
  </datafield>
  <datafield tag="952" ind1=" " ind2=" ">
    <subfield code="0">0</subfield>
    <subfield code="1">0</subfield>
    <subfield code="2">ddc</subfield>
    <subfield code="4">0</subfield>
    <subfield code="6">VEM_CHH_2015_000000000000000_B525_OR_4</subfield>
    <subfield code="7">0</subfield>
    <subfield code="9">54931</subfield>
    <subfield code="a">LBB</subfield>
    <subfield code="b">LBB</subfield>
    <subfield code="c">B525</subfield>
    <subfield code="d">2016-10-31</subfield>
    <subfield code="o">VEM CHH 2015 B525 Or.4</subfield>
    <subfield code="p">A01408</subfield>
    <subfield code="r">2016-10-31</subfield>
    <subfield code="w">2016-10-31</subfield>
    <subfield code="y">VEM</subfield>
  </datafield>
  <datafield tag="952" ind1=" " ind2=" ">
    <subfield code="0">0</subfield>
    <subfield code="1">0</subfield>
    <subfield code="2">ddc</subfield>
    <subfield code="4">0</subfield>
    <subfield code="6">VEM_CHH_2015_000000000000000_B525_OR_5</subfield>
    <subfield code="7">0</subfield>
    <subfield code="9">54932</subfield>
    <subfield code="a">LBB</subfield>
    <subfield code="b">LBB</subfield>
    <subfield code="c">B525</subfield>
    <subfield code="d">2016-10-31</subfield>
    <subfield code="o">VEM CHH 2015 B525 Or.5</subfield>
    <subfield code="p">A02380</subfield>
    <subfield code="r">2016-10-31</subfield>
    <subfield code="w">2016-10-31</subfield>
    <subfield code="y">VEM</subfield>
  </datafield>
  <datafield tag="952" ind1=" " ind2=" ">
    <subfield code="0">0</subfield>
    <subfield code="1">0</subfield>
    <subfield code="2">ddc</subfield>
    <subfield code="4">0</subfield>
    <subfield code="6">VEM_CHH_2015_000000000000000_B525_OR_6</subfield>
    <subfield code="7">0</subfield>
    <subfield code="9">54933</subfield>
    <subfield code="a">LBB</subfield>
    <subfield code="b">LBB</subfield>
    <subfield code="c">B525</subfield>
    <subfield code="d">2016-10-31</subfield>
    <subfield code="o">VEM CHH 2015 B525 Or.6</subfield>
    <subfield code="p">A02455</subfield>
    <subfield code="r">2016-10-31</subfield>
    <subfield code="w">2016-10-31</subfield>
    <subfield code="y">VEM</subfield>
  </datafield>
  <datafield tag="952" ind1=" " ind2=" ">
    <subfield code="0">0</subfield>
    <subfield code="1">0</subfield>
    <subfield code="2">ddc</subfield>
    <subfield code="4">0</subfield>
    <subfield code="6">VEM_CHH_2015_000000000000000_B525_OR_7</subfield>
    <subfield code="7">0</subfield>
    <subfield code="9">54934</subfield>
    <subfield code="a">LBB</subfield>
    <subfield code="b">LBB</subfield>
    <subfield code="c">B525</subfield>
    <subfield code="d">2016-10-31</subfield>
    <subfield code="o">VEM CHH 2015 B525 Or.7</subfield>
    <subfield code="p">A02530</subfield>
    <subfield code="r">2016-10-31</subfield>
    <subfield code="w">2016-10-31</subfield>
    <subfield code="y">VEM</subfield>
  </datafield>
  <datafield tag="952" ind1=" " ind2=" ">
    <subfield code="0">0</subfield>
    <subfield code="1">0</subfield>
    <subfield code="2">ddc</subfield>
    <subfield code="4">0</subfield>
    <subfield code="6">VEM_CHH_2015_000000000000000_B525_OR_8</subfield>
    <subfield code="7">0</subfield>
    <subfield code="9">54935</subfield>
    <subfield code="a">LBB</subfield>
    <subfield code="b">LBB</subfield>
    <subfield code="c">B525</subfield>
    <subfield code="d">2016-10-31</subfield>
    <subfield code="o">VEM CHH 2015 B525 Or.8</subfield>
    <subfield code="p">A00720</subfield>
    <subfield code="r">2016-10-31</subfield>
    <subfield code="w">2016-10-31</subfield>
    <subfield code="y">VEM</subfield>
  </datafield>
  <datafield tag="952" ind1=" " ind2=" ">
    <subfield code="0">0</subfield>
    <subfield code="1">0</subfield>
    <subfield code="4">0</subfield>
    <subfield code="6">VEM_CHH_2015_000000000000000_B693_OR_1</subfield>
    <subfield code="7">0</subfield>
    <subfield code="9">87173</subfield>
    <subfield code="a">LBB</subfield>
    <subfield code="b">LBB</subfield>
    <subfield code="c">B693</subfield>
    <subfield code="d">2021-10-18</subfield>
    <subfield code="o">VEM CHH 2015 B693 Or.1</subfield>
    <subfield code="p">A065573</subfield>
    <subfield code="r">2021-10-18</subfield>
    <subfield code="y">VEM</subfield>
  </datafield>
  <datafield tag="952" ind1=" " ind2=" ">
    <subfield code="0">0</subfield>
    <subfield code="1">0</subfield>
    <subfield code="4">0</subfield>
    <subfield code="6">VEM_MEA_2015_000000000000000_B693_OR_1</subfield>
    <subfield code="7">0</subfield>
    <subfield code="9">87174</subfield>
    <subfield code="a">LBB</subfield>
    <subfield code="b">LBB</subfield>
    <subfield code="d">2021-10-18</subfield>
    <subfield code="o">VEM MEA 2015 B693 Or.1</subfield>
    <subfield code="p">A065633</subfield>
    <subfield code="r">2021-10-18</subfield>
    <subfield code="y">VEM</subfield>
  </datafield>
</record>
